Seven Categories - Arts and Literature I - Statistics

General Stats
  • This quiz has been taken 50 times
  • The average score is 8 of 20
Answer Stats
Question Answer % Correct
Hergé is the author of what famous Franco-Belgian comic book character? Tintin
74%
Which Latin expression can be translated as 'and the rest' or 'and the other things'? {Et} {Cetera}
70%
Which religious figure do the world's greatest religious statues represent? Buddha
59%
In which city is the Fringe arts festival held? Edinburgh
59%
Which city gives its name to a controversial comma that should be used before the last element of a list? Oxford
57%
What playful activity consists in dressing up and acting as a real or fictional character from a film, anime, comics, video game, or other, trying to interpret it as best as possible? Cosplay
52%
An ancient and traditional form of craftsmanship, what is the art of working the clay to make a container of some kind? Pottery
52%
Mokuhanga is the technique used by ukiyo-e artists like Hokusai. From what material are the blocks that allow the prints using this technique made of? Wood
52%
'Fearless Girl' is a well-known statue from New York City standing in front of another famous statue representing which animal? Bull
46%
What is the name of the Indonesian technique of dyeing textiles with a wax resistant dye? Batik
41%
Who wrote the novel 'Kafka on the Shore', which features an old man named Nakata who can communicate with cats? Haruki Murakami
39%
Which Venetian painter (1697-1768) became famous for painting urban landscapes of his own city? Canaletto
35%
What object appears in Magritte's surrealist painting 'The Treachery of Images'? Pipe
33%
Which Greek playwright is the author of 'The Oresteia', the trilogy that deals with the tragedy of the curse on the House of Atreus after the return from the Trojan War? Aeschylus
30%
Which Renaissance architect completed the Santa Maria del Fiore project, in Florence, with its famous 'Duomo'? Filippo Brunelleschi
24%
In which city takes place the action of the book 'The Plague' by Albert Camus? Oran
17%
Who wrote the book 'Flatland - A Romance of Many Dimensions'? Edwin Abbott
13%
What is the name of the Gothic style architectural element that corresponds to a circular glazing made up of stained glass windows arranged in compartments? Rose Window
11%
Which species was Babou, Salvador Dali's pet? Ocelot
9%
What book by the portuguese author José Saramago begins with the phrase "On the following day nobody died"? {Death} with {Interruptions}
7%
No matching quizzes found
Score Distribution
Percent of People with Each Score
Percentile by Number Answered
Your Score History
You have not taken this quiz